000 00588nam a2200205 i 4500
001 63073
003 ES-MaACL
005 20240601063023.0
007 t|
008 031128s1963 sp ||||1| spa d
100 1 _aFernández Quiñones, Augusto.
_950021
245 1 0 _aLo contemplado /
_cAugusto Fernández Quiñones.
260 _aPalencia :
_b[s.n.],
_c1963.
300 _a37 p. ;
_c21 cm.
490 1 _aColección Rocamador ;
_v26
830 0 0 _aRocamador (Serie) ;
_v26
_9236737
852 _aES-MaACL
_j2089-F-9
_bR.89027
942 _2udc
999 _c63073
_d63073